Pays avec le plus de touristes A-Z - Statistiques

Statistiques générales
  • Ce quiz a été pris 195 fois
  • Le résultat moyen est 17 sur 24
Statistiques - réponses
Visiteurs Annuels Pays % Correct
F 84,452,000 France
98%
E 77,510,000 Etats-Unis
93%
A 35,555,000 Allemagne
92%
C 56,886,000 Chine
92%
I 50,732,000 Italie
92%
J 19,737,000 Japon
90%
Y 366,700 Yémen
83%
Z 2,057,000 Zimbabwe
83%
Q 2,929,800 Qatar
80%
T 39,478,000 Turquie
77%
D 10,424,000 Danemark
76%
H 4,929,000 Hongrie
73%
M 32,093,000 Mexique
73%
G 23,599,000 Grèce
68%
R 34,436,000 Royaume-Uni
66%
P 16,722,000 Pologne
64%
O 1,897,000 Oman
61%
N 5,361,000 Norvège
60%
V 10,013,000 Viêt Nam
60%
U 13,333,000 Ukraine
59%
K 4,560,000 Kazakhstan
55%
L 3,543,000 Laos
46%
S 12,051,000 Singapour
28%
B 11,621,000 Bahreïn
14%
Aucun quiz correspondant
Distribution des résultats
% des personnes avec chaque résultat
Percentile par nombre de réponses
Votre historique - résultats
Vous n’avez pas pris ce quiz